000 00235nam a22000977a 4500
100 _aDass,Nada H.
_979630
245 _aThe Life of Ramakrishna
260 _aDelhi
_bDeepali Publication
_c2017
650 _aChildran Book
_97575
942 _cBK
999 _c63274
_d63274